00374nam a2200157Ia 4500003000400000005001700004008004100021020001800062040000900080082002000089100002000109245003600129260003300165300000800198650001000206OSt20201111123315.0190216s9999||||xx |||||||||||||| ||und|| a9788126426676 coclc a894.8123bPRI/A a Pritam, Amrita 0aAa Manushyan /c Amrita Pritam bDc Books,c2010.a Kottayam: a88p aNovel